00428nam a2200145 a 450000100100000000500170001000800410002702000150006804000250008324500400010826000540014830000280020249000260023083000260025600004529820201002050037.0150225s2004 dr a 000 0 spa d a8495119218 aDO-SdBNPbspacBPMSU00aBlanca nieves y los siete ananitos. a[Santo Domingo] :bAsociación Popular,c[200?]. a10 p. :bil., ;c32 cm.1 aMis cuentos favoritos 0aMis cuentos favoritos